Estadística para administración y economía

Salvato in:
Dettagli Bibliografici
Autori principali: Mason, Robert Deward (autor), Marchal, William G (Autore)
Altri autori: Lind, Douglas A. (autor)
Natura: Libro
Lingua:spagnolo
Pubblicazione: Bogotá Alfaomega 2000
Soggetti:
Tags: Aggiungi Tag
Nessun Tag, puoi essere il primo ad aggiungerne!!

MARC

LEADER 00000nam a2200000 a 4500
001 UCN4394
003 CL-VaPUC
008 010803e20000000CK |||||||||||||||||spa|d
082 0 4 |a 330.015195  |b MAS  |2 21 
100 |a Mason, Robert Deward  |e autor  |9 480630 
700 |a Lind, Douglas A.  |e autor  |9 569711 
700 0 |a Marchal, William G  |e author  |9 460747 
245 1 0 |a Estadística para administración y economía 
300 |a 795 p 
942 |c BK 
945 |d 20010803 00:00:00  |a vberengu 
260 |a Bogotá  |b Alfaomega  |c 2000 
650 0 |a Estadística descriptiva  |9 366209 
650 0 |a Probabilidades   |9 260199 
650 0 |a Regresión lineal   |9 362689 
650 0 |a Regresión múltiple  |9 424908 
650 7 |a METODOS NO PARAMETRICOS  |2 CL-VaPUC  |9 407136 
650 0 |a Análisis de regresión   |9 263763 
650 0 |a Análisis de varianza   |9 336938 
650 7 |a CORRELACION  |2 CL-VaPUC  |9 460748 
583 |a last modification  |c 20010803 00:00:00  |k Rodrigo Vera 
999 |c 296640  |d 296638 
952 |0 0  |1 0  |4 0  |6 330_015195000000000_MAS_2000  |7 0  |8 A  |9 350598  |a BIBENE  |b BIBENE  |d 2019-11-20  |i 3741486  |o 330.015195 MAS 2000  |p 3741486  |r 2025-01-15  |w 2019-11-20  |y BK  |k ICO